| 000 -LEADER |
| fixed length control field |
00519nas a2200217 a 4500 |
| 006 - FIXED-LENGTH DATA ELEMENTS--ADDITIONAL MATERIAL CHARACTERISTICS--GENERAL INFORMATION |
| fixed length control field |
smr|p|r|||| 00| 01 |
| 007 - PHYSICAL DESCRIPTION FIXED FIELD--GENERAL INFORMATION |
| fixed length control field |
ta |
| 008 - FIXED-LENGTH DATA ELEMENTS--GENERAL INFORMATION |
| fixed length control field |
200630c20139999ii mr|p| |||| 00| a1eng d |
| 040 ## - CATALOGING SOURCE |
| Original cataloging agency |
IMU Kochi Library |
| Language of cataloging |
eng |
| 041 0# - LANGUAGE CODE |
| Language code of text/sound track or separate title |
eng |
| 044 ## - COUNTRY OF PUBLISHING/PRODUCING ENTITY CODE |
| MARC country code |
India |
| 082 04 - DEWEY DECIMAL CLASSIFICATION NUMBER |
| Edition number |
23 |
| Classification number |
052 |
| Item number |
M3172 |
| 245 10 - TITLE STATEMENT |
| Title |
Manorama Tell Me Why |
| 260 ## - PUBLICATION, DISTRIBUTION, ETC. (IMPRINT) |
| Place of publication, distribution, etc |
Kottayam : |
| Name of publisher, distributor, etc |
M.M. Publication Ltd., |
| Date of publication, distribution, etc |
2013-- |
| 300 ## - PHYSICAL DESCRIPTION |
| Extent |
-v : |
| Other physical details |
col. ill. ; |
| Dimensions |
19 cm |
| 310 ## - CURRENT PUBLICATION FREQUENCY |
| Current publication frequency |
Monthly |
| Date of current publication frequency |
(2013)- |
| 650 #0 - SUBJECT ADDED ENTRY--TOPICAL TERM |
| Topical term or geographic name as entry element |
Competition |
| Form subdivision |
Periodical |
| 852 ## - LOCATION/CALL NUMBER |
| Location |
IMU Kochi Library |
| 904 ## - LOCAL DATA ELEMENT D, LDD (RLIN) |
| CATALOGER |
Reshma Rajesh |
| 942 ## - ADDED ENTRY ELEMENTS (KOHA) |
| Item type |
Periodicals |